| 000 | 01954nam0a2200421 4500 | ||
|---|---|---|---|
| 001 | RU\NLR\bibl\1794535 | ||
| 005 | 20250616144104.0 | ||
| 010 |
_a978-5-7139-0871-3 _9500 |
||
| 021 |
_aRU _b2011-50768 _93621 |
||
| 035 | _a(nilc)RSL-KNO-004969842 | ||
| 035 | _a(NLR Aleph) 001785222 | ||
| 090 |
_a1722818 _c1722818 |
||
| 100 | _a20110704d2011 |||y0rusy50 ca | ||
| 101 | 0 | _arus | |
| 102 | _aRU | ||
| 105 | _aa ||||||||| | ||
| 200 | 1 |
_aКохлеарная имплантация в эксперименте _eмонография _f[М.Р. Богомильский, чл.-корр. РАМН, засл. деят. науки РФ, д.м.н., проф., И.Н. Дьяконова, д.м.н., проф. И.В. Рахманова, д.м.н., А.М. Тихомиров, к.б.н., доц. _gнауч. ред. Ю.С. Ишанова] |
|
| 210 |
_aМосква _cИзд-во Российского государственного социального университета _d2011 |
||
| 215 |
_a264 с. _cил. _d21 |
||
| 300 | _aАвт. указаны на обороте тит. л. | ||
| 320 | _aБиблиогр.: с. 221-264 | ||
| 606 |
_aКохлеарная имплантация _92344129 _3RU\NLR\auth\661400942 |
||
| 610 | 0 | _aкохлеарная имплантация | |
| 686 |
_aР685.347-99,0 _2rubbk |
||
| 686 | _aР685.347-99 | ||
| 701 | 1 |
_aБогомильский _bМ. Р. _gМихаил Рафаилович _4070 |
|
| 701 | 1 |
_aДьяконова _bИ. Н. _gИрина Николаевна _4070 |
|
| 701 | 1 |
_aРахманова _bИ. В. _gИрина Викторовна _4070 |
|
| 701 | 1 |
_aТихомиров _bА. М. _gАндрей Михайлович _4070 |
|
| 702 | 1 |
_aИшанова _bЮ. С. _4340 |
|
| 801 | 0 |
_aRU _bRuMoRKP _c20110704 _grcr |
|
| 801 | 1 |
_aRU _bRuMoRGB _c20110704 |
|
| 801 | 2 |
_aRU _bNLR _c20110802 _grcr |
|
| 830 | _aавт. по кн. | ||
| 942 | _cBOOK | ||
| 980 | _aNB | ||
| 980 | _aNBR | ||